000 00859nam a2200301 a 4500
001 000113873
003 CHAP
005 20220329144417.0
008 171003s2008 mx |r| ||||f|spa d
010 _a110334
011 _a111306
020 _a9786074150247
040 _cCHAP
082 0 4 _a863
_bC41
100 1 _aCervantes Saavedra, Miguel de
_9133599
245 1 0 _aNovelas ejemplares /
_cpor Miguel de Cervantes Saavedra.
260 _aMéxico, D.F. :
_bEditorial Tomo,
_c2008.
300 _a459 p.
590 _aE11695DGD
_b10
_c20171003
_lUCH01
_h1346
590 _aE5765TAJ
_b05
_c20171003
_lUCH01
_h1113
590 _aE5765TAJ
_b05
_c20171003
_lUCH01
_h1138
590 _aE5765TAJ
_b05
_c20171003
_lUCH01
_h1138
650 1 4 _aLiteratura española.
_967124
650 1 4 _aNovela española.
_982018
901 _aBK
942 _cLIBRO
942 _n0
999 _c110334
_d110334